000 00460nam a2200181Ia 4500
008 100920s9999 xx 000 0 und d
082 _b35792
_a--- 0
100 _aकुलकर्णी दत्ता. जी.
245 _aआठव.
260 _b---
_c0
300 _a127
_bसाधी
365 _b0
520 _aकादंबरी.
630 _aआठव.
650 _aकादंबरी.
730 _aआठव.
942 _cBOOK
999 _c689387
_d689384